1884 1426 1468 1083 1963 1534 1672 1932 1632 1804 1280 1229 1116 1927 1170 1183 1546 1932 1563 1144 1217 1125 1725 1613 1277 1086 1852 1740 1169 1442 1625 1392 1233 1185 1338 1322 1008 1445 1505 1089 1476 1338 1491 1296 1744 1999 1362 1540 1714 1393 1055 1609 1162 1797 1112 1448 1062 1916 1865 1213 1949 1978 1603 1908 1243 1370 1015 1362 1032 1845 1044 1732 1079 1660 1859 1552 1085 1119 1047 1005 1328 1589 1354 1522 1110 1531 1659 1261 1911 1683 1795 1576 1765 1568 1723 1102 1950 1394 1643 BCNSPRNW ULIB Ver.6.0+V

เปลี่ยนเป็นภาษาไทย

Change to English
 แสดงรายละเอียดบรรณานุกรม
  กลับหน้าหลัก

Brief Record : Get Marc (ISO 2709) : E-mail record : QR code < ปิดหน้าต่าง
LEADER : 00000nam 2200000uu 4500
001    13399107778
003     ULIB
008    110203s2551||||th 000 0 tha d
020    9789741109500
060  4 QS4^bว491R 2551
110 1  ศิริราชพยาบาล^bคณะแพทย์ศาสตร์
245 00 Regional anatomy for medical student book I /^cวาสนา พลากรกุล และคณะ
250    พิมพ์ครั้งที่ 1
260    กรุงเทพฯ:^bบริษัท ศิริวัฒนาอินเตอร์พริ้น จำกัด,^c2551
300    596 หน้า:^bภาพประกอบ
650  7 กายวิภาคศาสตร์
700 0  วาสนา พลากรกุล,^eบรรณาธิการ
710 1  ศิริราชพยาบาล^bคณะแพทย์ศาสตร์
945    ^p890^l0^i023868
945    ^p890^l0^i023867
995    ทศพร
999 ^a ใช้งานได้ทุกระบบ
รายการนี้ยังไม่มีแท็ก
คุณยังไม่ได้ล็อกอิน คุณสามารถมีกิจกรรมร่วมกับเว็บไซต์ได้ แต่ต้องล็อกอินก่อน ::
  ล็อกอิน

รายการสื่อสารสนเทศ

ลำดับที่ ประเภท เลขเรียก/บาร์โค้ด สถานที่ สถานะ
- ไม่พบข้อมูล -

รายการใกล้เคียง
    หัวเรื่อง [กายวิภาคศาสตร์]

BibComment


ยังไม่เคยถูกคอมเมนท์

คอมเมนท์ทรัพยากรรายการนี้
  คอมเมนท์: Regional anatomy ..


 Copyright 2026. Bcnsprnw @Library